| 000 | 00634cam a2200205 4500500 | ||
|---|---|---|---|
| 005 | 20260405002708.0 | ||
| 041 | _afre | ||
| 042 | _adc | ||
| 100 | 1 | 0 |
_aMorel, François _eauthor |
| 245 | 0 | 0 | _a« Rien de grand ne s’est jamais accompli dans le monde sans passion » |
| 260 | _c2018. | ||
| 500 | _a17 | ||
| 690 | _aFrançois Morel | ||
| 690 | _aHegel | ||
| 690 | _aHistoire | ||
| 690 | _aPassion | ||
| 690 | _aSénèque | ||
| 786 | 0 | _nPhilosophie magazine | 118 | 4 | 2018-04-01 | p. 67-67 | 1951-1787 | |
| 856 | 4 | 1 | _uhttps://shs.cairn.info/magazine-philosophie-magazine-2018-4-page-67?lang=fr&redirect-ssocas=7080 |
| 999 |
_c2060173 _d2060173 |
||